Statistics for Wolverhampton Wanderers Quiz

Click here to take the quiz!

General Stats

  • This quiz has been taken 130 times
  • The average score is 14 of 19

Answer Stats

HintAnswer% Correct
All-Time leading Goal scorerSteve Bull
97%
Stadium NameMolineux
95%
Biggest RivalsWest Bromwich Albion
95%
Club Mascot NameWolfie
92%
Over 100 caps for EnglandBilly Wright
86%
Company that took over Wolves in July 2016FOSUN
82%
Stand with the most AtmosphereSouth Bank
82%
Manager that led us to promotion from the Championship in 2009Mick McCarthy
79%
Winger that broke Wolves' record transfer fee in 2017Helder Costa
76%
Year the Club was Founded1877
72%
Historic Scoreline vs Sheffield United in the 2003 Play-Off Final3-0
72%
Song The Players Walk Out ToHi Ho Silver Lining
71%
Has the nickname 'Dangerous'Dave Edwards
69%
Left Winger from MaliBakary Sako
65%
Wolves' Top Goal Scorer in the 2010-11 SeasonSteven Fletcher
64%
Record Points Tally Wolves acheived during Promotion from League One in 2013103
60%
"Its Magic You Know, ***** ***** ****"Dicko Afobe Sako
60%
Goal Scorer in 1-0 win vs Man United in 2003Kenny Miller
60%
Firm NameYam Yam Army
50%

Score Distribution

Percentile by Number Answered

Percent of People with Each Score

Your Score History

You have not taken this quiz